தமிழகத்தின் பொருளாதார வரலாறு (Record no. 1223)

MARC details
000 -LEADER
fixed length control field 00842 a2200229 4500
010 ## - LIBRARY OF CONGRESS CONTROL NUMBER
LC control number TML-30350
020 ## - INTERNATIONAL STANDARD BOOK NUMBER
International Standard Book Number 8123410989
Terms of availability 55.00
035 ## - SYSTEM CONTROL NUMBER
System control number TM-28586
037 ## - SOURCE OF ACQUISITION
Source of stock number/acquisition D.B.Act / pub /
082 ## - DEWEY DECIMAL CLASSIFICATION NUMBER
Classification number 330.95482
090 ## - LOCALLY ASSIGNED LC-TYPE CALL NUMBER (OCLC); LOCAL CALL NUMBER (OCLC)
-- 1232
-- 1232
100 ## - MAIN ENTRY--PERSONAL NAME
Personal name பேரின்பன், தேவ.
245 ## - TITLE STATEMENT
Title தமிழகத்தின் பொருளாதார வரலாறு
Statement of responsibility, etc by தேவ. பேரின்பன
246 ## - VARYING FORM OF TITLE
Title proper/short title Tamizhakathin porulathara varalaru
Remainder of title by Deva. Perinpan
250 ## - EDITION STATEMENT
Edition statement 1st ed
260 ## - PUBLICATION, DISTRIBUTION, ETC. (IMPRINT)
Place of publication, distribution, etc Chennai
Name of publisher, distributor, etc New Century Book House
Date of publication, distribution, etc 2006
270 ## - ADDRESS
Address 41b, Sidco Indusrial estate , Ambattur
City Chennai
Postal code 600098
300 ## - PHYSICAL DESCRIPTION
Extent xvi, 126p
Dimensions 22cm
650 ## - SUBJECT ADDED ENTRY--TOPICAL TERM
Topical term or geographic name as entry element Economic conditions
942 ## - ADDED ENTRY ELEMENTS (KOHA)
Koha item type Tamil Bks
Call number prefix 330.95482 / PER
Holdings
Withdrawn status Lost status Source of classification or shelving scheme Damaged status Not for loan Collection code Home library Current library Cost, normal purchase price Total Checkouts Full call number Barcode Date last seen Copy number Uniform Resource Identifier Cost, replacement price Price effective from Koha item type
    Dewey Decimal Classification   Not For Loan Non-fiction D.B.Act.Division D.B.Act.Division 55.00   330.95482 TM-28586 15/09/2008 1 1288 55.00 15/09/2008 Tamil Bks

© Delhi Public Library
Hit Counter
free hit counter